The Begram hoard : (Record no. 21666)
[ view plain ]
| 000 -LEADER | |
|---|---|
| fixed length control field | 01157cam a22003017a 4500 |
| 001 - CONTROL NUMBER | |
| control field | 16878563 |
| 005 - DATE AND TIME OF LATEST TRANSACTION | |
| control field | 20170123081923.0 |
| 008 - FIXED-LENGTH DATA ELEMENTS--GENERAL INFORMATION | |
| fixed length control field | 110719s2011 enkae bc 000 0 eng d |
| 010 ## - LIBRARY OF CONGRESS CONTROL NUMBER | |
| LC control number | 2011431406 |
| 020 ## - INTERNATIONAL STANDARD BOOK NUMBER | |
| International Standard Book Number | 9780714111780 |
| 020 ## - INTERNATIONAL STANDARD BOOK NUMBER | |
| International Standard Book Number | 0714111783 |
| 035 ## - SYSTEM CONTROL NUMBER | |
| System control number | (OCoLC)ocn704396552 |
| 040 ## - CATALOGING SOURCE | |
| Original cataloging agency | BTCTA |
| Language of cataloging | eng |
| Transcribing agency | BTCTA |
| Modifying agency | YDXCP |
| -- | CDX |
| -- | NDD |
| -- | DLC |
| 042 ## - AUTHENTICATION CODE | |
| Authentication code | lccopycat |
| 050 00 - LIBRARY OF CONGRESS CALL NUMBER | |
| Classification number | N7302 |
| Item number | .S546 2011 |
| 100 1# - MAIN ENTRY--PERSONAL NAME | |
| Personal name | Simpson, St John. |
| 245 14 - TITLE STATEMENT | |
| Title | The Begram hoard : |
| Remainder of title | Indian ivories from Afghanistan / |
| Statement of responsibility, etc. | St John Simpson. |
| 260 ## - PUBLICATION, DISTRIBUTION, ETC. (IMPRINT) | |
| Place of publication, distribution, etc. | London : |
| Name of publisher, distributor, etc. | British Museum Press, |
| Date of publication, distribution, etc. | 2011. |
| 300 ## - PHYSICAL DESCRIPTION | |
| Extent | 96 p. : |
| Other physical details | ill. (chiefly col.), plans ; |
| Dimensions | 19 cm. |
| 500 ## - GENERAL NOTE | |
| General note | Catalog of an exhibition held at the British Museum, Mar. 3-July 3, 2011. |
| 504 ## - BIBLIOGRAPHY, ETC. NOTE | |
| Bibliography, etc | Includes bibliographical references. |
| 650 #0 - SUBJECT ADDED ENTRY--TOPICAL TERM | |
| Topical term or geographic name as entry element | Art, Indic |
| Geographic subdivision | Afghanistan |
| Form subdivision | Exhibitions. |
| 710 2# - ADDED ENTRY--CORPORATE NAME | |
| Corporate name or jurisdiction name as entry element | British Museum. |
| 942 ## - ADDED ENTRY ELEMENTS (KOHA) | |
| Source of classification or shelving scheme | |
| Koha item type | Hard Covered Materials |
| Classification part | N7302 .S546 2011 |
| Withdrawn status | Lost status | Source of classification or shelving scheme | Damaged status | Not for loan | Home library | Current library | Shelving location | Date acquired | Source of acquisition | Total Checkouts | Full call number | Barcode | Date last seen | Price effective from | Koha item type |
|---|---|---|---|---|---|---|---|---|---|---|---|---|---|---|---|
| MACHAKOS UNIVERSITY LIBRARY | MACHAKOS UNIVERSITY LIBRARY | Technical section | 23/01/2017 | Donation(BFA) | N7302 .S546 2011 | 31640 | 08/06/2018 | 23/01/2017 | Hard Covered Materials |